000 00235nam a2200109Ia 4500
999 _c8723
_d8723
020 _a978-0136009986
100 _aPhilip Kotler
245 0 _aMarketing Management
260 _aNew york
_bPrentice
_c2002
300 _a1110
942 _cBK